Consumers and designer brands a global Nielsen report : April 2008.
| Format: | Book |
|---|---|
| Published: |
[S.l]:
The Nielsan,
2008.
|
| Subjects: |
| LEADER | 00436cam a2200145 7i4500 | ||
|---|---|---|---|
| 001 | 0000022663 | ||
| 005 | 20090604090000.0 | ||
| 090 | 0 | 0 | |a I 658.834 |b PAC |
| 245 | 0 | 0 | |a Consumers and designer brands a global Nielsen report : |b April 2008. |
| 260 | 0 | 0 | |a [S.l]: |b The Nielsan, |c 2008. |
| 300 | # | # | |a 13 p. |
| 650 | 0 | 0 | |a Brand name products |
| 650 | 0 | 0 | |a Consumer |
| 650 | 0 | 0 | |a Designer brand |
| 999 | |a 0000023500 |b Book |c International |e Business Information Centre | ||